Global warming and climate change: (Record no. 10400)

MARC details
000 -LEADER
fixed length control field 00759 a2200205 4500
010 ## - LIBRARY OF CONGRESS CONTROL NUMBER
LC control number ENG-89283
020 ## - INTERNATIONAL STANDARD BOOK NUMBER
International Standard Book Number 8176487414
Terms of availability 895.00
035 ## - SYSTEM CONTROL NUMBER
System control number EN-72816
037 ## - SOURCE OF ACQUISITION
Source of stock number/acquisition DBAD / PUB
082 14 - DEWEY DECIMAL CLASSIFICATION NUMBER
Classification number 363.73874
090 ## - LOCALLY ASSIGNED LC-TYPE CALL NUMBER (OCLC); LOCAL CALL NUMBER (OCLC)
-- 10695
-- 10695
100 1# - MAIN ENTRY--PERSONAL NAME
Personal name Agarwal, S.K.
245 1# - TITLE STATEMENT
Title Global warming and climate change:
Remainder of title (past, present & future)/
Statement of responsibility, etc by S.K.Agarwal
260 ## - PUBLICATION, DISTRIBUTION, ETC. (IMPRINT)
Place of publication, distribution, etc New Delhi
Name of publisher, distributor, etc APH Publishing Corporation
Date of publication, distribution, etc 2008
270 ## - ADDRESS
Address 4435-36/7, Ansari Road, Darya Ganj,
City New Delhi
State or province Delhi
Postal code 110002
Telephone number 23274050
300 ## - PHYSICAL DESCRIPTION
Extent vi, 364 p.:
Other physical details ill.
Dimensions 22 cm ( Hb.)
500 ## - GENERAL NOTE
General note Includes bibliographical references and index
942 ## - ADDED ENTRY ELEMENTS (KOHA)
Institution code [OBSOLETE] dpl
Koha item type English Books
Call number prefix 363.73874/ AGA
Holdings
Withdrawn status Lost status Source of classification or shelving scheme Damaged status Not for loan Collection code Home library Current library Source of acquisition Cost, normal purchase price Total Checkouts Full call number Barcode Date last seen Copy number Uniform Resource Identifier Cost, replacement price Price effective from Koha item type
    Dewey Decimal Classification   Not For Loan Non-fiction D.B.Act.Division D.B.Act.Division DBAD/PUB 895.00   363.73874 AGA EN-72816 15/09/2008 1 11456 895.00 15/09/2008 English Books

© Delhi Public Library
Hit Counter
free hit counter